000 00665nam a22001937a 4500
999 _c11771
_d11771
003 AR-CdUCM
008 190405b ||||| |||| 00| 0 spa d
040 _aMUNICIPALIDAD PROVINCIAL DEL CUSCO
_cBIBLIOTECA MUNICIPAL DEL CUSCO
082 _a985.093 /
_bR74 / 1974
100 _aRodriguez, Leonidas
_929296
245 _aParticipación popular y desarrollo económico /
260 _aLima :
_bSiamos, dirección de difusión,
_c1974.
300 _a31 páginas ;
_c21 cm.
650 _aParticipación social.
_916409
650 _aCooperativas agroindustriales.
_929297
650 _aDesarrollo económico.
_91696
942 _2ddc
_cLIBROS
945 _awfj
_d2019-04-05